| 000 | 00441nam a22001577a 4500 | ||
|---|---|---|---|
| 020 | _a9788194741480 | ||
| 082 |
_aM300 7 _bSRE/B |
||
| 100 | _aSreevrinda Nair N | ||
| 245 |
_aBhashayile navachinthakal: samakalika novel padanangaliloode/ _cby Sreevrinda Nair N |
||
| 260 |
_aKozhikode: _bAtma books, _c2021. |
||
| 300 | _a159p. | ||
| 650 | _aNovel study Malayalam | ||
| 650 | _aMalayalam Literature | ||
| 650 | _aLiterature | ||
| 942 | _cBK | ||
| 999 |
_c181825 _d181825 |
||